Normal view
MARC view
- Rip, Arie and Misa, Thomas J
Entry Personal Name
001 - CONTROL NUMBER
- control field: 82316
003 - CONTROL NUMBER IDENTIFIER
- control field: NUST
005 - DATE AND TIME OF LATEST TRANSACTION
- control field: 20210909110450.0
008 - FIXED-LENGTH DATA ELEMENTS
- fixed length control field: 210909|| aca||aabn | a|a d
040 ## - CATALOGING SOURCE
- Original cataloging agency: NUST
- Transcribing agency: NUST
100 ## - HEADING--PERSONAL NAME
- Personal name: Rip, Arie and Misa, Thomas J
670 ## - SOURCE DATA FOUND
- Source citation: Work cat.: (NUST)33847: Rip, Arie and Misa, Thomas J., Managing Technology in Society The Approach of Constructive Technology Assessment /, 1995.
